Country Logic Puzzle by Scambigol #7 - Statistics

General Stats
  • This quiz has been taken 1,116 times
  • The average score is 19 of 22
Answer Stats
Country % Correct
Oman
94%
Qatar
94%
Yemen
94%
United Arab Emirates
92%
Saudi Arabia
91%
Zambia
91%
Jordan
90%
Brazil
89%
France
89%
Israel
88%
Argentina
87%
Dominican Republic
87%
Germany
87%
Venezuela
87%
Colombia
86%
Haiti
86%
Tanzania
86%
Egypt
81%
Lithuania
81%
Niger
81%
Poland
81%
Mali
79%
No matching quizzes found
Score Distribution
Percent of People with Each Score
Percentile by Number Answered
Your Score History
You have not taken this quiz